Promotion exercises in motivation and job satisfaction towards career enhancement among employees at the International Islamic University Malaysia
Saved in:
| 主要作者: | |
|---|---|
| 格式: | Thesis |
| 語言: | English |
| 出版: |
Shah Alam, Selangor
Universiti Teknologi MARA (UiTM),
2009
|
| 主題: | |
| 標簽: |
添加標簽
沒有標簽, 成為第一個標記此記錄!
|
| LEADER | 015310000a22003010004500 | ||
|---|---|---|---|
| 008 | 150525t2009 my a g m 000 0 eng d | ||
| 040 | |a UIAM |b eng |e rda | ||
| 043 | |a a-my--- | ||
| 050 | 0 | |a HF5549.5.J63 | |
| 100 | 0 | |a Fazlinda Ayu @ Nurulhuda binti Daud, |e author | |
| 245 | 1 | 0 | |a Promotion exercises in motivation and job satisfaction towards career enhancement among employees at the International Islamic University Malaysia |
| 264 | 1 | |a Shah Alam, Selangor |b Universiti Teknologi MARA (UiTM), |c 2009 | |
| 300 | |a x, 150 leaves : |b illustrations ; |c 30 cm. | ||
| 336 | |2 rdacontent |a text | ||
| 337 | |2 rdamedia |a unmediated | ||
| 338 | |2 rdacarrier |a volume | ||
| 500 | |a Abstract in English. | ||
| 502 | |a Thesis (Master in Office System Management)--Universiti Teknologi Mara, 2009. | ||
| 504 | |a Includes bibliographical references (leaves 106-117). | ||
| 530 | |a Also available on 4 3/4 in computer optical disc. | ||
| 596 | |a 1 | ||
| 610 | 2 | 0 | |a International Islamic University Malaysia |x Employees Job satisfaction |
| 655 | 0 | 7 | |a Theses, IIUM foreign |
| 710 | 1 | |a Universiti Teknologi MARA. |b Fakulti Pengurusan dan Teknologi Pejabat | |
| 900 | |a oc-amr-hj-a jt | ||
| 999 | |c 436166 |d 467298 | ||
| 952 | |0 0 |6 T HF 005549.5 J63 F287P 2009 |7 0 |8 THESES |9 760376 |a IIUM |b IIUM |c MULTIMEDIA |g 0.00 |o t HF 5549.5 J63 F287P 2009 |p 11100340761 |r 2017-10-19 |t 1 |v 0.00 |y THESIS | ||
| 952 | |0 0 |6 TS CDF HF 5549.5 J63 F287P 2009 |7 0 |8 THESES |9 853443 |a IIUM |b IIUM |c MULTIMEDIA |g 0.00 |o ts cdf HF 5549.5 J63 F287P 2009 |p 00010985344 |r 2017-11-02 |t 1 |v 0.00 |y THESISDIG | ||
